000 00528nmm a2200157Ia 4500
008 251105s9999||||xx |||||||||||||||||und||
020 _a9788490294123
041 _aspa
100 _aMatilla i Serrano, Kathy
245 0 _aConceptos fundamentales en la Planificación Estratégica de las Relaciones Públicas
264 _a[Madrid, España] :
_bUniversitat Oberta de Catalunya,
_c2009
300 _a220 páginas
650 _aEconomics and Business
856 _uhttps://public.digitaliapublishing.com/a/20004
942 _cCF
999 _c87625
_d87625